| 000 | 00466nam a22001817a 4500 | ||
|---|---|---|---|
| 003 | MPLRDC | ||
| 005 | 20220104175110.0 | ||
| 008 | 210129b ||||| |||| 00| 0 eng d | ||
| 020 | _a983-40962-6-7 | ||
| 082 | _a868.7 ALAT | ||
| 100 | _aPROF. DR. SYED HUSSEIN ALATTAS | ||
| 245 |
_aRAJA, RAKYAT DAN PEMIMPIN DI ZAMAN PAK LAH _c |
||
| 250 | _a初版 | ||
| 260 |
_a _bPERCETAKAN MAJUJAYA SDN BHD _c2004 |
||
| 300 | _b平 | ||
| 650 | _a | ||
| 942 |
_cBK _o868.7 ALAT |
||
| 999 |
_c60196 _d60186 |
||